[Event "8�me open de Quimper 2017"]
[Site "Quimper"]
[Date "2017.10.28"]
[Round "1.1"]
[White "Jolly, Jean-Francois"]
[Black "Ottl, Eric"]
[Result "1-0"]
[WhiteElo "2373"]
[BlackElo "1587"]
[PlyCount "97"]
[EventDate "2017.??.??"]

1. e4 g6 2. d4 Bg7 3. Nc3 d6 4. Bg5 Nf6 5. Qd2 c5 6. dxc5 dxc5 7. Qxd8+ Kxd8 8.
O-O-O+ Nfd7 9. Nd5 f6 10. Bf4 e5 11. Be3 b6 12. h4 Ba6 13. Bxa6 Nxa6 14. h5 Ke8
15. Nf3 Rd8 16. Nh4 Kf7 17. Rh3 Ndb8 18. c3 Rd7 19. Rf3 Rhd8 20. Rh1 Nc7 21.
Nxc7 Rxc7 22. Rg3 g5 23. Nf5 h6 24. Rd1 Rcd7 25. Rxd7+ Rxd7 26. Rh3 Bf8 27. Rh1
Nc6 28. Bd2 Ne7 29. Ne3 Ke6 30. Re1 Ng8 31. Kc2 b5 32. a4 a6 33. axb5 axb5 34.
Ra1 Rb7 35. Ra6+ Kf7 36. Nf5 Be7 37. b3 c4 38. bxc4 bxc4 39. Rc6 Ba3 40. Rxc4
Rb2+ 41. Kd3 Rb8 42. Rc7+ Be7 43. Be3 Rd8+ 44. Ke2 Ke6 45. Bc5 Bxc5 46. Rxc5
Kf7 47. Rc7+ Kf8 48. Rh7 Rc8 49. Nd6 1-0

[Event "8�me open de Quimper 2017"]
[Site "Quimper"]
[Date "2017.10.28"]
[Round "1.2"]
[White "Ollivier, Alain"]
[Black "Stephan, Victor"]
[Result "0-1"]
[WhiteElo "1556"]
[BlackElo "2329"]
[PlyCount "74"]
[EventDate "2017.??.??"]

1. e4 c5 2. Nc3 a6 3. f4 b5 4. g3 Bb7 5. Bg2 Nf6 6. d3 e6 7. Nf3 d5 8. exd5
Nxd5 9. Bd2 Be7 10. O-O O-O 11. Qe2 Nc6 12. Nxd5 Qxd5 13. Be3 Qd6 14. Bf2 Rfd8
15. Rad1 Nd4 16. Bxd4 cxd4 17. Rfe1 Rac8 18. a4 bxa4 19. Ne5 Bxg2 20. Qxg2 a3
21. bxa3 Qxa3 22. Ra1 Qd6 23. Nc4 Qc6 24. Qe2 Bb4 25. Reb1 a5 26. Rf1 g6 27. g4
Rd5 28. Ra2 Rc5 29. Qf2 h5 30. h3 Bc3 31. Qe2 hxg4 32. hxg4 Rb8 33. Kf2 Rcb5
34. Kg3 Qd5 35. Qh2 Rb1 36. Rxb1 Rxb1 37. Nd2 Bxd2 0-1

[Event "8�me open de Quimper 2017"]
[Site "Quimper"]
[Date "2017.10.28"]
[Round "1.3"]
[White "Le Marec, Simon"]
[Black "Taher, Sinane"]
[Result "1-0"]
[WhiteElo "2211"]
[BlackElo "1554"]
[PlyCount "43"]
[EventDate "2017.??.??"]

1. d4 Nf6 2. c4 e6 3. g3 Bb4+ 4. Nd2 Nc6 5. Ngf3 O-O 6. a3 Be7 7. b4 a6 8. Bg2
d5 9. O-O Nd7 10. e4 dxe4 11. Nxe4 Nf6 12. Nc3 Nd7 13. Re1 Bf6 14. Ne4 Be7 15.
Bb2 Nb6 16. Qb3 f5 17. Nc5 Bxc5 18. dxc5 Nd7 19. Rad1 Qe7 20. Qc3 Rb8 21. Rxe6
Qf7 22. Ng5 1-0

[Event "8�me open de Quimper 2017"]
[Site "Quimper"]
[Date "2017.10.28"]
[Round "1.4"]
[White "Donchez, Gilbert"]
[Black "Donchez, Christophe"]
[Result "1/2-1/2"]
[WhiteElo "1502"]
[BlackElo "1853"]
[PlyCount "62"]
[EventDate "2017.??.??"]

1. Nf3 d6 2. c4 Nf6 3. g3 g6 4. b4 Bg7 5. Bb2 O-O 6. Bg2 c6 7. d3 Bg4 8. Nbd2
Nbd7 9. O-O e5 10. Qb3 Qc7 11. Rac1 Rfe8 12. h3 Bxf3 13. Nxf3 e4 14. Ng5 h6 15.
Nxe4 Nxe4 16. dxe4 Nf8 17. Bxg7 Kxg7 18. Qc3+ Kh7 19. f4 Ne6 20. f5 Ng5 21.
fxg6+ fxg6 22. Rf4 Re7 23. Rcf1 Rae8 24. h4 Ne6 25. Rf6 Qb6+ 26. c5 Qc7 27. Bh3
dxc5 28. Bxe6 cxb4 29. Rf7+ Rxf7 30. Rxf7+ Qxf7 31. Bxf7 bxc3 1/2-1/2

[Event "8�me open de Quimper 2017"]
[Site "Quimper"]
[Date "2017.10.28"]
[Round "1.5"]
[White "Le Guehennec, Jean-Marc"]
[Black "Bonhomme, Marcel"]
[Result "1-0"]
[WhiteElo "1838"]
[BlackElo "1500"]
[PlyCount "63"]
[EventDate "2017.??.??"]

1. e4 e5 2. Nf3 Nc6 3. Bb5 f5 4. Nc3 fxe4 5. Nxe4 Nf6 6. d3 d6 7. h3 Be7 8. c3
Bd7 9. O-O O-O 10. Bc4+ d5 11. Nxf6+ Bxf6 12. Bxd5+ Kh8 13. Be4 Qe7 14. Be3 b6
15. Nh2 Be8 16. b4 Rd8 17. Qc2 Qe6 18. a4 Bf7 19. a5 b5 20. Bc5 Be7 21. Bxc6
Bxc5 22. Bxb5 Be7 23. Bc4 Qg6 24. Bxf7 Rxf7 25. Ng4 Bf6 26. Rae1 Re7 27. Re4 h5
28. Nxf6 Qxf6 29. Qe2 g6 30. f4 Qc6 31. Rxe5 Rxe5 32. Qxe5+ 1-0

[Event "8�me open de Quimper 2017"]
[Site "Quimper"]
[Date "2017.10.28"]
[Round "1.6"]
[White "Betsch, Eric"]
[Black "Oney, Remel"]
[Result "0-1"]
[WhiteElo "1494"]
[BlackElo "1826"]
[PlyCount "99"]
[EventDate "2017.??.??"]

1. e4 Nf6 2. e5 Nd5 3. d4 d6 4. c4 Nb6 5. exd6 exd6 6. Nf3 Bg4 7. b3 Be7 8. Be2
Nc6 9. Bb2 O-O 10. d5 Bxf3 11. Bxf3 Ne5 12. Na3 Bf6 13. Rb1 Re8 14. O-O Nbd7
15. Nc2 a5 16. Ne3 b6 17. Ng4 Nxf3+ 18. Qxf3 Bxb2 19. Rxb2 Qg5 20. Re2 h5 21.
Ne3 Ne5 22. Qg3 Qxg3 23. hxg3 a4 24. f4 Nd3 25. Rd1 axb3 26. axb3 Nc5 27. b4
Ne4 28. Nc2 Nxg3 29. Rxe8+ Rxe8 30. Re1 Rxe1+ 31. Nxe1 Ne2+ 32. Kf2 Nxf4 33.
Ke3 g5 34. g3 Ng6 35. Kd4 h4 36. gxh4 gxh4 37. Nf3 h3 38. c5 Ne5 39. Nh2 Kg7
40. cxb6 cxb6 41. b5 Kh6 42. Ke4 Kg5 43. Nf1 f5+ 44. Ke3 Ng4+ 45. Kf3 h2 46.
Ng3 Kf6 47. Kf4 Nf2 48. Kf3 h1=Q+ 49. Nxh1 Nxh1 50. Kg2 0-1

[Event "8�me open de Quimper 2017"]
[Site "Quimper"]
[Date "2017.10.28"]
[Round "1.7"]
[White "Vigouroux, Johann"]
[Black "Cresswell, Patrick"]
[Result "1-0"]
[WhiteElo "1754"]
[BlackElo "1483"]
[PlyCount "57"]
[EventDate "2017.??.??"]

1. Nf3 d5 2. c4 Nf6 3. cxd5 Qxd5 4. Nc3 Qa5 5. g3 Bf5 6. Bg2 c6 7. Qb3 Qc7 8.
d4 e6 9. Bf4 Qc8 10. Rc1 a6 11. O-O Nbd7 12. Nh4 Bg6 13. e4 Be7 14. Nxg6 fxg6
15. Qxe6 Nb6 16. Qb3 Qd8 17. d5 cxd5 18. exd5 Bd6 19. Bxd6 Qxd6 20. Rfe1+ Kf7
21. Re6 Qc5 22. Qxb6 Qxb6 23. Rxb6 Rab8 24. Re1 h5 25. d6 Rhe8 26. Rxe8 Nxe8
27. Rxb7+ Rxb7 28. Bxb7 Nxd6 29. Bxa6 1-0

[Event "8�me open de Quimper 2017"]
[Site "Quimper"]
[Date "2017.10.28"]
[Round "1.8"]
[White "Kerbaol, Jacques"]
[Black "Famel, Edouard"]
[Result "0-1"]
[WhiteElo "1460"]
[BlackElo "1753"]
[PlyCount "62"]
[EventDate "2017.??.??"]

1. e4 c5 2. d4 cxd4 3. c3 Nf6 4. e5 Nd5 5. Bc4 Nb6 6. Bb3 dxc3 7. Nxc3 Nc6 8.
Nf3 d6 9. exd6 Qxd6 10. Qxd6 exd6 11. O-O Be6 12. Re1 Kd7 13. Bxe6+ fxe6 14. b3
Nb4 15. Rd1 N4d5 16. Ne4 h6 17. Bb2 Rg8 18. Rac1 Be7 19. a4 Rac8 20. Nd4 Nf6
21. Ng3 Nbd5 22. Re1 Rxc1 23. Rxc1 a6 24. h3 Nf4 25. Ba3 g5 26. Nde2 Rc8 27.
Rd1 Rc2 28. Nd4 Ra2 29. Bb4 N6d5 30. Rd2 Ra1+ 31. Kh2 Nxb4 0-1

[Event "8�me open de Quimper 2017"]
[Site "Quimper"]
[Date "2017.10.28"]
[Round "1.9"]
[White "Chachiachvili, Mariam"]
[Black "Rannou, Noel"]
[Result "1-0"]
[WhiteElo "1752"]
[BlackElo "1457"]
[PlyCount "97"]
[EventDate "2017.??.??"]

1. e4 c5 2. Nc3 Nc6 3. g3 e6 4. Bg2 g6 5. Nge2 Bg7 6. d3 Nge7 7. Bf4 d6 8. O-O
O-O 9. Qd2 Nd4 10. Rab1 e5 11. Bh6 Bxh6 12. Qxh6 Nxc2 13. f4 Ne3 14. Rf3 Nxg2
15. Kxg2 Bg4 16. Rf2 Kh8 17. f5 Ng8 18. Qe3 Nf6 19. Qg5 gxf5 20. exf5 Rg8 21.
Qh6 Bxe2 22. Rxe2 Ng4 23. Qh5 Rg7 24. Ne4 Nf6 25. Qf3 Nxe4 26. Rxe4 f6 27. Rh4
Qd7 28. Rh6 Rf8 29. Rf1 Qc6 30. Rh4 Qxf3+ 31. Kxf3 b5 32. Ke4 c4 33. dxc4 bxc4
34. Kd5 Rb8 35. Rf2 Rgb7 36. Rxc4 Kg7 37. b3 Kf7 38. Kxd6 Rb6+ 39. Rc6 Rd8+ 40.
Kc5 Rb7 41. b4 Rd1 42. Rc2 Rbd7 43. Kb5 R1d5+ 44. Ka6 Rd4 45. a3 Rd3 46. R6c3
R3d6+ 47. Rc6 Rd3 48. R2c3 e4 49. a4 1-0

[Event "8�me open de Quimper 2017"]
[Site "Quimper"]
[Date "2017.10.28"]
[Round "1.10"]
[White "Menez, Jean-Pierre"]
[Black "Major, Frederic"]
[Result "0-1"]
[WhiteElo "1399"]
[BlackElo "1747"]
[PlyCount "92"]
[EventDate "2017.??.??"]

1. d4 d5 2. Bf4 Nf6 3. e3 e6 4. Nf3 Be7 5. c3 Nbd7 6. Bd3 Nh5 7. Bg3 Nxg3 8.
hxg3 g6 9. Nbd2 b6 10. Qc2 Bb7 11. Ne5 Nxe5 12. dxe5 Qd7 13. Nf3 O-O-O 14. Nd4
f6 15. exf6 Bxf6 16. O-O-O Kb8 17. Kb1 a6 18. f3 Qe8 19. Rde1 c5 20. Rd1 cxd4
21. exd4 Qd7 22. f4 Ka7 23. Rc1 Bc6 24. Be2 Bb5 25. Bf3 Rc8 26. Rhe1 Bxd4 27.
Rcd1 Bf6 28. Qb3 Ba4 29. Qa3 Be7 30. b4 Bxd1 31. Rxd1 Qc6 32. Rc1 Qc4 33. Qb2
Bf6 34. Be2 Qe4+ 35. Ka1 Qe3 36. Kb1 Rxc3 37. Rxc3 Qxc3 38. Qxc3 Bxc3 39. Kc2
Bxb4 40. Bg4 Re8 41. Kb3 Bc5 42. Kc2 Kb7 43. Bh3 Kc7 44. g4 Rf8 45. Kd3 Rxf4
46. g5 Kd6 0-1

[Event "8�me open de Quimper 2017"]
[Site "Quimper"]
[Date "2017.10.28"]
[Round "1.11"]
[White "Andre, Marine"]
[Black "Le Coz, Yannick"]
[Result "1-0"]
[WhiteElo "1737"]
[BlackElo "1300"]
[PlyCount "79"]
[EventDate "2017.??.??"]

1. e4 e5 2. Nf3 Nc6 3. Bc4 Bc5 4. O-O Nf6 5. d4 exd4 6. e5 Ng4 7. Bf4 O-O 8. h3
Nh6 9. Bxh6 gxh6 10. Nbd2 d5 11. exd6 cxd6 12. Nb3 Qf6 13. a3 Be6 14. Qd3 Bf5
15. Qd2 Qg7 16. Kh2 Bb6 17. Rad1 Be4 18. Rg1 Ne5 19. Be2 Kh8 20. Nbxd4 Ng6 21.
c3 d5 22. Bd3 Bxf3 23. Nxf3 Bc7+ 24. g3 f5 25. Nd4 Rf7 26. f4 Bb6 27. Bc2 Re8
28. Rge1 Rxe1 29. Rxe1 Qf8 30. Qd3 Ne7 31. Ne6 Qc8 32. Bb3 Rf6 33. Nd4 Qd7 34.
Re5 Bc7 35. Re2 Ng6 36. Qe3 Bb6 37. Qe8+ Qxe8 38. Rxe8+ Kg7 39. Bxd5 Bxd4 40.
Rg8# 1-0

[Event "8�me open de Quimper 2017"]
[Site "Quimper"]
[Date "2017.10.28"]
[Round "1.12"]
[White "Bou, Serge"]
[Black "Collin, Jean-Philippe"]
[Result "0-1"]
[WhiteElo "1261"]
[BlackElo "1737"]
[PlyCount "82"]
[EventDate "2017.??.??"]

1. e4 d5 2. exd5 Nf6 3. c4 c6 4. Nc3 cxd5 5. cxd5 Nxd5 6. Bb5+ Nc6 7. Qa4 Nb6
8. Bxc6+ bxc6 9. Qxc6+ Bd7 10. Qf3 Rc8 11. d3 Bc6 12. Qg3 h5 13. Nf3 Qxd3 14.
Ne5 Qxg3 15. hxg3 Bxg2 16. Rh2 Bb7 17. Be3 g6 18. O-O-O Bg7 19. f4 O-O 20. Rc2
Rfd8 21. Bxb6 Rxd1+ 22. Kxd1 axb6 23. Rd2 Bxe5 24. fxe5 Rc5 25. Na4 Bf3+ 26.
Ke1 Rxe5+ 27. Kf2 Rf5 28. Nxb6 Bd5+ 29. Ke1 Bxa2 30. b4 Be6 31. Na8 Rb5 32. Rb2
Rb7 33. b5 g5 34. b6 h4 35. Kf2 h3 36. Kg1 Bd5 37. Rb5 Bg2 38. Rxg5+ Kf8 39.
Rb5 Rd7 40. Rb1 Bxa8 41. Kh2 Bg2 0-1

[Event "8�me open de Quimper 2017"]
[Site "Quimper"]
[Date "2017.10.28"]
[Round "1.13"]
[White "Delaire, Eric"]
[Black "Beaudouin, Damien"]
[Result "1-0"]
[WhiteElo "1727"]
[BlackElo "1242"]
[PlyCount "55"]
[EventDate "2017.??.??"]

1. e4 d6 2. d4 Nf6 3. Nc3 g6 4. f4 Bg7 5. Nf3 Bg4 6. Bc4 O-O 7. h3 Bxf3 8. Qxf3
Nbd7 9. e5 dxe5 10. fxe5 Ne8 11. Be3 c6 12. O-O Nc7 13. Bb3 e6 14. Ne4 f5 15.
Nd6 Qb8 16. Bg5 Rf7 17. Nxf7 Kxf7 18. g4 h6 19. gxf5 gxf5 20. Qxf5+ Kg8 21.
Qf7+ Kh8 22. Qxd7 hxg5 23. Rf7 Qc8 24. Rxg7 Qxd7 25. Rxd7 Nd5 26. Bxd5 cxd5 27.
Rf1 Rc8 28. Rf6 1-0

[Event "8�me open de Quimper 2017"]
[Site "Quimper"]
[Date "2017.10.28"]
[Round "1.14"]
[White "Lemoine, Norbert"]
[Black "Besseghier, Stephane"]
[Result "0-1"]
[WhiteElo "1222"]
[BlackElo "1691"]
[PlyCount "35"]
[EventDate "2017.??.??"]

1. e4 d5 2. exd5 Nf6 3. d4 Nxd5 4. c4 Nb6 5. Nc3 g6 6. Be3 Bg7 7. Qd2 O-O 8.
Bh6 Bxh6 9. Qxh6 Qxd4 10. Rd1 Qe5+ 11. Be2 Be6 12. Nf3 Qg7 13. Qf4 Nc6 14. b3
Qxc3+ 15. Rd2 Rad8 16. O-O Rxd2 17. Nxd2 Qe5 18. Qf3 0-1

[Event "8�me open de Quimper 2017"]
[Site "Quimper"]
[Date "2017.10.28"]
[Round "1.15"]
[White "Ginovart, Camille"]
[Black "Duval, Lucie"]
[Result "1-0"]
[WhiteElo "1677"]
[BlackElo "1188"]
[PlyCount "43"]
[EventDate "2017.??.??"]

1. e4 e5 2. Nf3 Nc6 3. Bb5 d6 4. d4 Bd7 5. c3 a6 6. Ba4 b5 7. Bc2 Bg4 8. Be3 h6
9. a4 Nf6 10. Na3 Qb8 11. d5 Na5 12. axb5 Be7 13. Bd3 O-O 14. b4 Nb7 15. bxa6
Nd8 16. O-O c6 17. dxc6 Nxc6 18. b5 Na5 19. b6 Qd8 20. Nb1 Nc6 21. Bb5 Qd7 22.
Nbd2 1-0

[Event "8�me open de Quimper 2017"]
[Site "Quimper"]
[Date "2017.10.28"]
[Round "1.16"]
[White "Lebon, Marc"]
[Black "Martin, Frederic"]
[Result "0-1"]
[WhiteElo "1180"]
[BlackElo "1643"]
[PlyCount "68"]
[EventDate "2017.??.??"]

1. e4 e6 2. Nf3 d5 3. Bd3 dxe4 4. Bxe4 Nf6 5. Nc3 Be7 6. O-O Nxe4 7. Nxe4 c5 8.
d3 Nc6 9. Nfg5 f5 10. Qh5+ g6 11. Qh4 fxe4 12. Qf4 Bxg5 13. Qxg5 Qxg5 14. Bxg5
exd3 15. cxd3 O-O 16. Rfe1 e5 17. Re4 Bf5 18. Re3 Rfe8 19. Rae1 Kg7 20. h3 Bd7
21. a3 Re6 22. b4 cxb4 23. axb4 Nxb4 24. d4 Rae8 25. Rb3 a5 26. Rc3 Bc6 27.
dxe5 Rxe5 28. Rd1 Rxg5 29. g3 Rge5 30. Kf1 Re2 31. Rf3 Bxf3 32. Rd7+ Kg8 33.
Kg1 Re1+ 34. Kh2 Rh1# 0-1

[Event "8�me open de Quimper 2017"]
[Site "Quimper"]
[Date "2017.10.28"]
[Round "3.1"]
[White "Jolly, Jean-Francois"]
[Black "Le Guehennec, Jean-Marc"]
[Result "1-0"]
[WhiteElo "2373"]
[BlackElo "1838"]
[PlyCount "73"]
[EventDate "2017.??.??"]

1. e4 e6 2. d4 d5 3. Nd2 Nf6 4. e5 Nfd7 5. Bd3 c5 6. c3 Nc6 7. Ne2 cxd4 8. cxd4
f6 9. exf6 Nxf6 10. Nf3 Bd6 11. O-O Qc7 12. h3 O-O 13. Be3 Bd7 14. Nc3 a6 15.
Rc1 Rae8 16. Bb1 Qb8 17. Qd3 Re7 18. Rfe1 Bf4 19. Qd2 Nh5 20. Na4 g6 21. Nc5
Bc8 22. Nxa6 Qd6 23. Nc5 Ng7 24. Rc3 Bxe3 25. Rcxe3 Ref7 26. Qc3 Rf4 27. R1e2
b6 28. Nb3 Ba6 29. Bd3 Bxd3 30. Qxd3 Nb4 31. Qb1 R4f6 32. Ne5 Nf5 33. Rc3 Ne7
34. a3 Nbc6 35. Qe1 Nd8 36. Qc1 Rf4 37. Rc7 1-0

[Event "8�me open de Quimper 2017"]
[Site "Quimper"]
[Date "2017.10.28"]
[Round "3.2"]
[White "Vigouroux, Johann"]
[Black "Stephan, Victor"]
[Result "0-1"]
[WhiteElo "1754"]
[BlackElo "2329"]
[PlyCount "72"]
[EventDate "2017.??.??"]

1. Nf3 d5 2. c4 d4 3. g3 Nc6 4. Bg2 e5 5. d3 Bb4+ 6. Nfd2 a5 7. O-O Nf6 8. Na3
O-O 9. Nc2 Bd6 10. a3 a4 11. b4 axb3 12. Nxb3 Re8 13. Bg5 h6 14. Bxf6 Qxf6 15.
Qd2 Qe7 16. e3 dxe3 17. Nxe3 Nd4 18. Nxd4 exd4 19. Nc2 Qd8 20. a4 c6 21. a5 c5
22. Rfb1 Re7 23. Rb5 Ra7 24. Rab1 Rc7 25. h4 Re7 26. Bd5 Qc7 27. Kh2 Kf8 28.
Ne1 Qd7 29. Bg2 Qf5 30. Nf3 Qf6 31. Ng1 Qxh4+ 32. Bh3 Qh5 33. Re1 Rxe1 34. Qxe1
Bd7 35. Rb2 Bc6 36. Qf1 Rxa5 0-1

[Event "8�me open de Quimper 2017"]
[Site "Quimper"]
[Date "2017.10.28"]
[Round "3.3"]
[White "Le Marec, Simon"]
[Black "Oney, Remel"]
[Result "1-0"]
[WhiteElo "2211"]
[BlackElo "1826"]
[PlyCount "143"]
[EventDate "2017.??.??"]

1. d4 d5 2. c4 c5 3. cxd5 Qxd5 4. Nf3 cxd4 5. Qxd4 Nf6 6. Nc3 Qxd4 7. Nxd4 a6
8. g3 e5 9. Nb3 Bd7 10. Bg5 Bb4 11. Bd2 Bc6 12. f3 O-O 13. a3 Bd6 14. Na5 Bc7
15. Nxc6 Nxc6 16. Rc1 Nd4 17. Bg5 Nb3 18. Rd1 Ba5 19. Bh3 Bxc3+ 20. bxc3 b5 21.
Kf2 Rfd8 22. Bf5 h6 23. Bxf6 gxf6 24. Rxd8+ Rxd8 25. Rb1 Nd2 26. Rb4 Nc4 27. a4
Rd1 28. axb5 axb5 29. Rxb5 Rc1 30. Bd3 Rxc3 31. Kg2 Ne3+ 32. Kh3 Rc7 33. Rb4
Kf8 34. Kh4 Rc5 35. Bb1 Rc4+ 36. Rxc4 Nxc4 37. Ba2 Ne3 38. Bb3 Kg7 39. Ba2 Kg6
40. Bb1+ Kg7 41. g4 Ng2+ 42. Kg3 Nf4 43. e3 Nd5 44. Kf2 Nc3 45. Bc2 Nd5 46. Be4
Nc7 47. Bc6 Ne6 48. Bd5 Nc7 49. Bc4 Ne8 50. Ke2 Nd6 51. Bd3 Ne8 52. Kd2 Nc7 53.
Bc4 Kg6 54. h4 h5 55. Kd3 f5 56. gxf5+ Kf6 57. e4 Ne8 58. Ke3 Ng7 59. Bd3 Ne8
60. Kd2 Nd6 61. Kc3 Ne8 62. Kc4 Ke7 63. Kd5 f6 64. Kc6 Nd6 65. Kc5 Nb7+ 66. Kd5
Nd6 67. Kc6 Ne8 68. Bc4 Nd6 69. Bg8 Ne8 70. Bh7 Kd8 71. Bg6 Ng7 72. Kd6 1-0

[Event "8�me open de Quimper 2017"]
[Site "Quimper"]
[Date "2017.10.28"]
[Round "3.4"]
[White "Delaire, Eric"]
[Black "Donchez, Christophe"]
[Result "0-1"]
[WhiteElo "1727"]
[BlackElo "1853"]
[PlyCount "50"]
[EventDate "2017.??.??"]

1. e4 d6 2. d4 Nf6 3. Nc3 g6 4. f4 Bg7 5. Nf3 O-O 6. Be3 Nbd7 7. Qd2 e5 8.
O-O-O exf4 9. Bxf4 Nb6 10. h3 Qd7 11. Bh6 Qe7 12. Bxg7 Kxg7 13. Bd3 c5 14. Rhe1
cxd4 15. Nxd4 a6 16. Qf2 Nbd7 17. g4 h6 18. Qg3 Ne5 19. Bf1 Bd7 20. Rd2 b5 21.
Bg2 Rfe8 22. Rf2 b4 23. Nd5 Nxd5 24. exd5 Nd3+ 25. Qxd3 Qxe1+ 0-1

[Event "8�me open de Quimper 2017"]
[Site "Quimper"]
[Date "2017.10.28"]
[Round "3.5"]
[White "Donchez, Gilbert"]
[Black "Famel, Edouard"]
[Result "0-1"]
[WhiteElo "1502"]
[BlackElo "1753"]
[PlyCount "48"]
[EventDate "2017.??.??"]

1. Nf3 Nf6 2. c4 c6 3. g3 g6 4. Bg2 Bg7 5. Nc3 d5 6. d4 Na6 7. cxd5 cxd5 8. O-O
O-O 9. a3 Nc7 10. b4 b6 11. Bf4 Bb7 12. Qd2 Ne4 13. Nxe4 dxe4 14. Bxc7 Qxc7 15.
Ng5 Rfd8 16. e3 e5 17. Rac1 Qe7 18. Bxe4 Bxe4 19. Nxe4 exd4 20. Nc5 bxc5 21.
Rxc5 dxe3 22. Qxe3 Qxe3 23. fxe3 Bh6 24. e4 Be3+ 0-1

[Event "8�me open de Quimper 2017"]
[Site "Quimper"]
[Date "2017.10.28"]
[Round "3.6"]
[White "Chachiachvili, Mariam"]
[Black "Taher, Sinane"]
[Result "1-0"]
[WhiteElo "1752"]
[BlackElo "1554"]
[PlyCount "107"]
[EventDate "2017.??.??"]

1. e4 c6 2. d4 d5 3. Nc3 dxe4 4. Nxe4 Bf5 5. Ng3 Bg6 6. Nf3 e6 7. Bc4 Nd7 8.
O-O Ngf6 9. Re1 Be7 10. Qe2 Nd5 11. c3 O-O 12. Bd3 Bxd3 13. Qxd3 b5 14. Bd2 a6
15. b3 Rc8 16. c4 N5f6 17. Qe2 Nb6 18. Ba5 bxc4 19. bxc4 c5 20. Rab1 Rb8 21.
Ne5 Qd6 22. dxc5 Qxc5 23. Bb4 Qc7 24. Bxe7 Qxe7 25. Nc6 Qc5 26. Nxb8 Rxb8 27.
Qe5 Qc8 28. Qd6 Nfd7 29. c5 Qxc5 30. Qxc5 Nxc5 31. Red1 Ncd7 32. Rd6 Kf8 33.
Kf1 Ke7 34. Rc6 f5 35. Ne2 Rd8 36. Nc3 Rb8 37. a4 a5 38. Re1 e5 39. Rd1 Nc8 40.
Rc7 Ncb6 41. Nd5+ Nxd5 42. Rxd5 Rb1+ 43. Ke2 Rb2+ 44. Rd2 Rxd2+ 45. Kxd2 Kd6
46. Ra7 Nc5 47. Rxg7 h5 48. Kc2 Kc6 49. Rg5 Nxa4 50. Rxf5 Kd5 51. Rxh5 Nc5 52.
f4 Nd7 53. Rxe5+ Nxe5 54. fxe5 1-0

[Event "8�me open de Quimper 2017"]
[Site "Quimper"]
[Date "2017.10.28"]
[Round "3.7"]
[White "Betsch, Eric"]
[Black "Major, Frederic"]
[Result "0-1"]
[WhiteElo "1494"]
[BlackElo "1747"]
[PlyCount "84"]
[EventDate "2017.??.??"]

1. e4 c6 2. d4 d5 3. Nc3 dxe4 4. Nxe4 Bf5 5. Ng3 Bg6 6. h4 h6 7. Nf3 Nd7 8. h5
Bh7 9. Bd3 Bxd3 10. Qxd3 Ngf6 11. Bd2 e6 12. Bc3 Qc7 13. O-O-O O-O-O 14. Qe2
Nd5 15. Bd2 c5 16. c4 N5b6 17. Ba5 Be7 18. Kb1 Rhe8 19. Ne5 Nxe5 20. Qxe5 Bd6
21. Qe3 Bf4 22. Qc3 cxd4 23. Rxd4 Be5 24. Rxd8+ Rxd8 25. Qb3 Qc6 26. Qf3 Qc5
27. Bxb6 Qxb6 28. Qe2 Qd4 29. Re1 Bxg3 30. fxg3 Qd3+ 31. Kc1 Qxg3 32. Qf3 Qc7
33. Kc2 Qxc4+ 34. Qc3 Qxc3+ 35. Kxc3 Rd5 36. Rh1 Rg5 37. Rh2 Kd7 38. Kd4 Kd6
39. b4 b5 40. Ke4 Rg4+ 41. Kf3 Rxb4 42. Rh3 Ra4 0-1

[Event "8�me open de Quimper 2017"]
[Site "Quimper"]
[Date "2017.10.28"]
[Round "3.8"]
[White "Andre, Marine"]
[Black "Cresswell, Patrick"]
[Result "1-0"]
[WhiteElo "1737"]
[BlackElo "1483"]
[PlyCount "37"]
[EventDate "2017.??.??"]

1. e4 e5 2. Nf3 Nc6 3. Bc4 Bc5 4. O-O Nf6 5. d4 Bxd4 6. Nxd4 Nxd4 7. Bg5 O-O 8.
f4 Qe7 9. fxe5 Qxe5 10. Bxf6 gxf6 11. c3 Nc6 12. Nd2 d6 13. Bd3 d5 14. exd5
Qxd5 15. Ne4 Kg7 16. Nxf6 Qc5+ 17. Kh1 h6 18. Qf3 Ne5 19. Nh5+ 1-0

[Event "8�me open de Quimper 2017"]
[Site "Quimper"]
[Date "2017.10.28"]
[Round "3.9"]
[White "Rannou, Noel"]
[Black "Collin, Jean-Philippe"]
[Result "0-1"]
[WhiteElo "1457"]
[BlackElo "1737"]
[PlyCount "142"]
[EventDate "2017.??.??"]

1. c4 Nf6 2. d4 g6 3. Nf3 Bg7 4. Bd2 d5 5. cxd5 O-O 6. Nc3 Nxd5 7. Nxd5 Qxd5 8.
Bc3 Rd8 9. e3 Be6 10. Bd3 Bf5 11. Qc2 Bxd3 12. Qxd3 Nd7 13. e4 Nc5 14. exd5
Nxd3+ 15. Ke2 Nf4+ 16. Kf1 Nxd5 17. Rb1 a5 18. g3 b5 19. a3 a4 20. Kg2 Nb6 21.
Rhe1 e6 22. Ne5 Bxe5 23. Rxe5 Rd5 24. Rbe1 c6 25. R5e4 Nc4 26. R1e2 Rad8 27. f4
Nd6 28. Re5 Nc4 29. R5e4 c5 30. dxc5 Rxc5 31. Bb4 Rcd5 32. Bc3 Rd3 33. Bf6 R8d7
34. Kh3 h5 35. Rc2 Rd2 36. Re2 Kf8 37. Rexd2 Rxd2 38. Rc3 Ke8 39. b3 axb3 40.
Rxb3 Rd5 41. Rc3 Kd7 42. a4 Kc6 43. Be7 Rd7 44. axb5+ Kxb5 45. Bf6 Nd2 46. Rc2
Ne4 47. Bb2 Ra7 48. Bd4 Rd7 49. Bg1 Nd2 50. Be3 Nc4 51. Bf2 f6 52. Ra2 e5 53.
fxe5 fxe5 54. Ra7 Rd6 55. Rb7+ Kc6 56. Rb4 Kd5 57. Kg2 e4 58. Rb5+ Ke6 59. Rb4
Rc6 60. Kf1 e3 61. Be1 Kd5 62. Ke2 Kd4 63. Rb3 Ra6 64. Rd3+ Ke4 65. Rc3 Ra2+
66. Kf1 Ne5 67. h4 Ng4 68. Rc4+ Kd5 69. Rb4 Nh2+ 70. Kg1 Nf3+ 71. Kf1 Rh2 0-1

[Event "8�me open de Quimper 2017"]
[Site "Quimper"]
[Date "2017.10.28"]
[Round "3.10"]
[White "Le Coz, Yannick"]
[Black "Besseghier, Stephane"]
[Result "0-1"]
[WhiteElo "1300"]
[BlackElo "1691"]
[PlyCount "112"]
[EventDate "2017.??.??"]

1. e4 d5 2. f4 dxe4 3. Nc3 Nf6 4. Qe2 Qd4 5. Nb5 Qb6 6. h3 e6 7. Qc4 c6 8. Nc3
Be7 9. Nxe4 Nxe4 10. Qxe4 O-O 11. b3 Bh4+ 12. Kd1 Bf6 13. Bd3 g6 14. Rb1 Nd7
15. g4 Nc5 16. Qf3 Nxd3 17. Qxd3 Rd8 18. Qf3 c5 19. Ne2 Bd7 20. Qg3 Qd6 21. g5
Bg7 22. h4 Bc6 23. Rh2 Qd5 24. h5 Qf3 25. Qxf3 Bxf3 26. hxg6 hxg6 27. Ke1 e5
28. fxe5 Bxe5 29. Rh3 Bc6 30. Bb2 Bxb2 31. Rxb2 Kg7 32. d3 Rd5 33. Rg3 Rh8 34.
Nf4 Rf5 35. Ne2 Re5 36. c3 Rh1+ 37. Kd2 Rh2 38. Ke1 Rf5 39. d4 cxd4 40. cxd4
Bb5 41. Rd2 Rff2 42. Re3 Rfg2 43. Kf1 Rxg5 44. d5 Rhh5 45. d6 Rd5 46. Rxd5 Rxd5
47. Re7 Rxd6 48. Rxb7 a6 49. Re7 Rd2 50. a4 Bxe2+ 51. Rxe2 Rxe2 52. Kxe2 Kf6
53. b4 Ke5 54. b5 axb5 55. a5 Kd6 56. a6 Kc6 0-1

[Event "8�me open de Quimper 2017"]
[Site "Quimper"]
[Date "2017.10.28"]
[Round "3.11"]
[White "Ginovart, Camille"]
[Black "Lebon, Marc"]
[Result "1-0"]
[WhiteElo "1677"]
[BlackElo "1180"]
[PlyCount "67"]
[EventDate "2017.??.??"]

1. e4 e5 2. Nf3 Nc6 3. Bb5 Bd6 4. d4 exd4 5. Nxd4 Nxd4 6. Qxd4 f6 7. O-O a6 8.
Ba4 Ne7 9. Bb3 Rf8 10. Nd2 Nc6 11. Qd5 Qe7 12. Nc4 Kd8 13. Re1 Bc5 14. e5 fxe5
15. Be3 Bxe3 16. Rxe3 d6 17. Rd1 Qh4 18. g3 Qf6 19. Rd2 Be6 20. Qd3 Nb4 21. Qe4
Nd5 22. Nxd6 cxd6 23. Bxd5 Bf5 24. Qb4 Rb8 25. Bxb7 Rf7 26. Rxd6+ Rd7 27. Rxf6
Rd1+ 28. Kg2 gxf6 29. Qf8+ Kc7 30. Rc3+ Kxb7 31. Rb3+ Kc7 32. Qxb8+ Kc6 33.
Rc3+ Kd7 34. Qc8+ 1-0

[Event "8�me open de Quimper 2017"]
[Site "Quimper"]
[Date "2017.10.28"]
[Round "3.12"]
[White "Bou, Serge"]
[Black "Martin, Frederic"]
[Result "0-1"]
[WhiteElo "1261"]
[BlackElo "1643"]
[PlyCount "88"]
[EventDate "2017.??.??"]

1. e4 e6 2. d4 d5 3. exd5 exd5 4. Nf3 Nf6 5. Bg5 Be7 6. c4 O-O 7. Bd3 dxc4 8.
Bxc4 Bb4+ 9. Nbd2 Re8+ 10. Be2 Qe7 11. Be3 Nd5 12. Qb3 Bxd2+ 13. Nxd2 Nxe3 14.
fxe3 Qxe3 15. Qxe3 Rxe3 16. Kf2 Re8 17. Rhe1 Nc6 18. Bc4 Bf5 19. Nf3 h6 20.
Rac1 Rad8 21. Bb5 Rxe1 22. Kxe1 Nxd4 23. Nxd4 Rxd4 24. Rxc7 Rb4 25. Bc4 Be6 26.
b3 Bxc4 27. bxc4 a5 28. Rc5 b6 29. Rb5 Rxc4 30. Rxb6 Rc2 31. a3 Ra2 32. Rb3 a4
33. Rg3 g5 34. h3 Kg7 35. Kf1 f5 36. Rf3 Kg6 37. g4 fxg4 38. hxg4 h5 39. gxh5+
Kxh5 40. Rc3 g4 41. Rc5+ Kh4 42. Rc3 g3 43. Rd3 Kh3 44. Re3 Kh2 0-1